00494nam a22001577a 4500003000400000008004100004082001800045100004000063245006500103260005000168300001000218650001500228650006000243650002200303650001100325OSt241207b |||||||| |||| 00| 0 eng d a891.431bV69S aJajayavargiya, Dayakrishna. 'Vijay' aSamay ke Shilalekh / cby Dayakrishna Jajayavargiya 'Vijay' a.- Kota (Rajasthan)b: Jijay Prakashanc, nd. a132p. aLiterature aLiteratures of Specific Languages and Language Families aHindi Literatures aPoetry